000 00437cam a2200181ua 4500
001 7798
008 120502n1983 II |||gr||||Z||||||eng
040 _aMAIN
041 _aEnglish
082 _a427 PIT
100 _aPIT CORDER, S.
245 _aAN INTERMEDIATE ENGLISH PRACTICE BOOK
250 _a6TH.
260 _aHYDERABAD
_bORIENT LONGMAN
_c1983
300 _a317.:
_c20CM.
653 _aEnglish language variations
942 _cBK
999 _c7782
_d7782